00739cam a2200169 a 4500999001700000008004100017020002500058050002400083100003200107245006800139260004200207300004400249504006400293710004100357942003700398952013400435 c17780d17780110315s2011 enka bc 001 0 eng  a9780900785849 (pbk.)00aN6853.W38 bA4 20111 aVogtherr, Christoph Martin.10aWatteau at the Wallace Collection /cChristoph Martin Vogtherr. aLondon :bWallace Collection,cc2011. a152 p. :bill. (chiefly col.) ;c28 cm. aIncludes bibliographical references (p. 148-149) and index.2 aWallace Collection (London, England) 2lcccBOOKShN6853.W38 A4 201101 00102lcc4070aMUCbMUCcGENd2016-11-29eDonation(BFA)l1oN6853.W38 A4 2011p28830r2019-05-30s2018-02-16w2016-11-29yBOOKS